000
00312nam a22001217a 4500
008
180514b xxu||||| |||| 00| 0 eng d
041
_a
eng
080
_a
043.3
100
_a
0
101
_a
SHKI-BA
245
_a
Implementing Lan/ Wan Network for small to medium size enterprises SME
_c
Kuqi, A
942
_2
udc
_c
BK
999
_c
45762
_d
45762